000
00304nam a22001337a 4500
008
170407b xxu||||| |||| 00| 0 eng d
020
_a
9780781735094
041
_a
eng
080
_2
3ED
_a
611.018
100
_a
9
101
_a
SHM
245
_a
COLOR ATLASOF HISTOLOGY
_c
GARTNER.L.O
942
_2
udc
_c
BK
999
_c
10065
_d
10065